Study guide for use with modern advance accounting
Αποθηκεύτηκε σε:
| Κύριος συγγραφέας: | |
|---|---|
| Μορφή: | Βιβλίο |
| Γλώσσα: | English |
| Δημοσίευση: |
New York :
McGraw-Hill,
c1997
|
| Έκδοση: | 7th ed. |
| Θέματα: | |
| Ετικέτες: |
Προσθήκη ετικέτας
Δεν υπάρχουν, Καταχωρήστε ετικέτα πρώτοι!
|
MARC
| LEADER | 00000nam a2200000 i 4500 | ||
|---|---|---|---|
| 001 | 1/67165 | ||
| 008 | 981014s1997 eng d | ||
| 020 | |a 0070367140 | ||
| 035 | |l 10029958 | ||
| 040 | |a GR-MY-UA |b gre |e aacr | ||
| 041 | 0 | |a eng | |
| 082 | 0 | |a 657.046 | |
| 100 | 1 | |a Larsen, E. John. | |
| 245 | 1 | 0 | |a Study guide for use with modern advance accounting / |c E. John Larsen |
| 250 | |a 7th ed. | ||
| 260 | |a New York : |b McGraw-Hill, |c c1997 | ||
| 300 | |a v, 185 σ. | ||
| 650 | 0 | 0 | |a Accounting. |
| 852 | |a INST |b CHIOS |e 19981014 |h 657.046 LAR |p 005200015534 |q 005200015534 |t BK |y 0 | ||
| 901 | |a BIBL-1998-3 | ||
| 909 | |a Χ |b 059281 | ||
| 922 | |a 2ΕΛΗ |b 199809 |c ΤΔΕ |d ΠΑΠΑΣΩΤΗΡΙΟΥ | ||